000 00272nam a22001217a 4500
008 260311b ||||| |||| 00| 0 eng d
041 _aeng
080 _a573.4
100 _a20.1
101 _amek
245 _aCellular Endocrinology
_cP. Michael Conn
942 _2udc
_cBK
999 _c60886
_d60886